Periodic Table Capitals Quiz Stats

 Plays Quiz not verified by Sporcle

Challenge
Share
Tweet
Embed
Score 0/20 Timer 04:00
0 Plays Today
Elements (in order) Capital % Correct
Phosphorus, Argon, Iodine, SulfurParis, France
95.4%
Boron, Erbium, Lithium, NitrogenBerlin, Germany
93.4%
Molybdenum, Scandium, Oxygen, TungstenMoscow, Russia
85.4%
Sodium, Iridium, Oxygen, BismuthNairobi, Kenya
83.4%
Barium, Potassium, UraniumBaku, Azerbaijan
82.5%
Radium, Boron, AstatineRabat, Morocco
81.6%
Titanium, Radium, SodiumTirana, Albania
79%
Molybdenum, Sodium, CobaltMonaco, Monaco
78.3%
Calcium, Radium, Carbon, ArsenicCaracas, Venezuela
76.6%
Potassium, Iodine, Gallium, LithiumKigali, Rwanda
76.1%
Elements (in order) Capital % Correct
Actinium, Carbon, RadiumAccra, Ghana
75.5%
Lithium, Antimony, Oxygen, NitrogenLisbon, Portugal
75.4%
Carbon, Hydrogen, Iodine, Silicon, Nitrogen, GoldChisinau, Moldova
71.2%
Nitrogen, Arsenic, Sulfur, GoldNassau, Bahamas
70.8%
Phosphorus, Argon, Americium, Argon, Iodine, Boron, OxygenParamaribo, Suriname
69%
Potassium, Americium, Protactinium, LanthanumKampala, Uganda
64.2%
Fluorine, Uranium, Sodium, Fluorine, Uranium, TitaniumFunafuti, Tuvalu
62%
Terbium, Iodine, Lithium, SiliconTbilisi, Georgia
61.1%
Praseodymium, Iodine, Sulfur, Titanium, SodiumPristina, Kosovo
60.6%
Protactinium, Lithium, Potassium, IridiumPalikir, Federated States of Micronesia
52%

You're not logged in!

Compare scores with friends on all Sporcle quizzes.
Join for Free
OR
Log In

You Might Also Like...

Show Comments

Extras

Top Quizzes Today


Score Distribution

Your Account Isn't Verified!

In order to create a playlist on Sporcle, you need to verify the email address you used during registration. Go to your Sporcle Settings to finish the process.

Report this User

Report this user for behavior that violates our Community Guidelines.

Details: